<?xml version="1.0" encoding="UTF-8"?>
<record
    xmlns:xsi="http://www.w3.org/2001/XMLSchema-instance"
    xsi:schemaLocation="http://www.loc.gov/MARC21/slim http://www.loc.gov/standards/marcxml/schema/MARC21slim.xsd"
    xmlns="http://www.loc.gov/MARC21/slim">

  <leader>00653nam a22001577a 4500</leader>
  <controlfield tag="003">OSt</controlfield>
  <controlfield tag="005">20151204113935.0</controlfield>
  <controlfield tag="008">151204b        xxu||||| |||| 00| 0 eng d</controlfield>
  <datafield tag="040" ind1=" " ind2=" ">
    <subfield code="c">RUA </subfield>
  </datafield>
  <datafield tag="082" ind1=" " ind2=" ">
    <subfield code="a">FIS LON 2007 B179 Or.1</subfield>
  </datafield>
  <datafield tag="100" ind1=" " ind2=" ">
    <subfield code="9">4272</subfield>
    <subfield code="a">LONG SAM AN ; &#x17A1;&#x17BB;&#x1784; &#x179F;&#x17C6;&#x17A2;&#x17B6;&#x1793;</subfield>
  </datafield>
  <datafield tag="245" ind1=" " ind2=" ">
    <subfield code="a">The replacement of snakehead fingerling (channa micropeltes by using fish meal;  &#x1780;&#x17B6;&#x179A;&#x1787;&#x17C6;&#x1793;&#x17BD;&#x179F;&#x1785;&#x17C6;&#x178E;&#x17B8;&#x178F;&#x17D2;&#x179A;&#x17B8;&#x1786;&#x17D2;&#x178A;&#x17C4;&#x179A;&#x178A;&#x17C4;&#x1799;&#x1794;&#x17D2;&#x179A;&#x17BE;&#x1798;&#x17D2;&#x179F;&#x17C9;&#x17C5;&#x178F;&#x17D2;&#x179A;&#x17B8;&#x179F;&#x17C6;&#x179A;&#x17B6;&#x1794;&#x17CB;&#x1794;&#x17C6;&#x1794;&#x17C9;&#x1793;&#x1780;&#x17BC;&#x1793;&#x178F;&#x17D2;&#x179A;&#x17B8;&#x1786;&#x17D2;&#x178A;&#x17C4;&#x179A;.</subfield>
  </datafield>
  <datafield tag="260" ind1=" " ind2=" ">
    <subfield code="a">Phnom Penh </subfield>
    <subfield code="b">RUA</subfield>
    <subfield code="c">2007</subfield>
  </datafield>
  <datafield tag="300" ind1=" " ind2=" ">
    <subfield code="a">x; 35p.</subfield>
    <subfield code="b">ill.</subfield>
    <subfield code="c">29cm.</subfield>
  </datafield>
  <datafield tag="942" ind1=" " ind2=" ">
    <subfield code="2">ddc</subfield>
    <subfield code="c">FIS</subfield>
  </datafield>
  <datafield tag="999" ind1=" " ind2=" ">
    <subfield code="c">3987</subfield>
    <subfield code="d">3987</subfield>
  </datafield>
  <datafield tag="952" ind1=" " ind2=" ">
    <subfield code="0">0</subfield>
    <subfield code="1">0</subfield>
    <subfield code="2">ddc</subfield>
    <subfield code="4">0</subfield>
    <subfield code="6">FIS_LON_2007_000000000000000_B179_OR_1</subfield>
    <subfield code="7">0</subfield>
    <subfield code="9">20144</subfield>
    <subfield code="a">LBB</subfield>
    <subfield code="b">LBB</subfield>
    <subfield code="c">B179</subfield>
    <subfield code="d">2015-12-04</subfield>
    <subfield code="o">FIS LON 2007 B179 Or.1</subfield>
    <subfield code="p">RUA028581</subfield>
    <subfield code="r">2015-12-04</subfield>
    <subfield code="w">2015-12-04</subfield>
    <subfield code="y">FIS</subfield>
  </datafield>
  <datafield tag="952" ind1=" " ind2=" ">
    <subfield code="0">0</subfield>
    <subfield code="1">0</subfield>
    <subfield code="2">ddc</subfield>
    <subfield code="4">0</subfield>
    <subfield code="6">FIS_LON_2007_000000000000000_B179_OR_2</subfield>
    <subfield code="7">0</subfield>
    <subfield code="9">20145</subfield>
    <subfield code="a">LBB</subfield>
    <subfield code="b">LBB</subfield>
    <subfield code="c">B179</subfield>
    <subfield code="d">2015-12-04</subfield>
    <subfield code="l">2</subfield>
    <subfield code="o">FIS LON 2007 B179 Or.2</subfield>
    <subfield code="p">RUA010676</subfield>
    <subfield code="r">2016-07-01</subfield>
    <subfield code="s">2016-06-24</subfield>
    <subfield code="w">2015-12-04</subfield>
    <subfield code="y">FIS</subfield>
  </datafield>
  <datafield tag="952" ind1=" " ind2=" ">
    <subfield code="0">0</subfield>
    <subfield code="1">0</subfield>
    <subfield code="2">ddc</subfield>
    <subfield code="4">0</subfield>
    <subfield code="6">FIS_LON_2007_000000000000000_B179_OR_3</subfield>
    <subfield code="7">0</subfield>
    <subfield code="9">20146</subfield>
    <subfield code="a">LBB</subfield>
    <subfield code="b">LBB</subfield>
    <subfield code="c">B179</subfield>
    <subfield code="d">2015-12-04</subfield>
    <subfield code="o">FIS LON 2007 B179 Or.3</subfield>
    <subfield code="p">RUA010748</subfield>
    <subfield code="r">2015-12-04</subfield>
    <subfield code="w">2015-12-04</subfield>
    <subfield code="y">FIS</subfield>
  </datafield>
  <datafield tag="952" ind1=" " ind2=" ">
    <subfield code="0">0</subfield>
    <subfield code="1">0</subfield>
    <subfield code="2">ddc</subfield>
    <subfield code="4">0</subfield>
    <subfield code="6">FIS_LON_2007_000000000000000_B179_OR_4</subfield>
    <subfield code="7">0</subfield>
    <subfield code="9">20147</subfield>
    <subfield code="a">LBB</subfield>
    <subfield code="b">LBB</subfield>
    <subfield code="c">B179</subfield>
    <subfield code="d">2015-12-04</subfield>
    <subfield code="o">FIS LON 2007 B179 Or.4</subfield>
    <subfield code="p">RUA010753</subfield>
    <subfield code="r">2015-12-04</subfield>
    <subfield code="w">2015-12-04</subfield>
    <subfield code="y">FIS</subfield>
  </datafield>
  <datafield tag="952" ind1=" " ind2=" ">
    <subfield code="0">0</subfield>
    <subfield code="1">0</subfield>
    <subfield code="2">ddc</subfield>
    <subfield code="4">0</subfield>
    <subfield code="6">FIS_LON_2007_000000000000000_B179_OR_5</subfield>
    <subfield code="7">0</subfield>
    <subfield code="9">20148</subfield>
    <subfield code="a">LBB</subfield>
    <subfield code="b">LBB</subfield>
    <subfield code="c">B179</subfield>
    <subfield code="d">2015-12-04</subfield>
    <subfield code="l">3</subfield>
    <subfield code="o">FIS LON 2007 B179 Or.5</subfield>
    <subfield code="p">RUA027218</subfield>
    <subfield code="r">2024-01-15</subfield>
    <subfield code="s">2023-12-20</subfield>
    <subfield code="w">2015-12-04</subfield>
    <subfield code="y">FIS</subfield>
  </datafield>
</record>
